00400nam a2200157 450000500170000002000180001708200180003508400250005310000250007824500330010326000360013630000100017270000190018270000220020170000190022320260421110035.0 a9780323960984 a006.31bPIN.E 2Colon Classification aPineau, Jenny Benois aExplainable deep learning AI aLondon:bAcademic press;c2023. a329p. aRomain Bourqui aDragutin Petkovic ageorges Quenot